| 000 | 01310na a2200277 4500 | ||
|---|---|---|---|
| 001 | 16276 | ||
| 003 | MIRAKIL | ||
| 005 | 20181213154952.0 | ||
| 008 | 161003b tu 000 0 | ||
| 035 | _a16276 | ||
| 040 |
_aMilas _btur _cTR-AnCHP |
||
| 041 | _atur | ||
| 082 |
_a346.0820263 _bB25b 2002 |
||
| 090 | _a346.0820263 B25b 2002 | ||
| 111 |
_aBankalar Mevzuatındaki Son Değişiklikler ile Bağımsız Denetim Esasları ve Uygulamaları _cAnkara _d2002 |
||
| 245 |
_aBankalar mevzuatındaki son değişiklikler ile bağımsız denetim esasları ve uygulamaları _b02 Nisan 2002 Hilton-Ankara _c[düzenleyen] TÜRMOB |
||
| 246 | _aBankalar mevzuatındaki son değişiklikler ile bağımsız denetim esasları ve uygulamaları | ||
| 260 |
_aAnkara _bTürkiye Serbest Muhasebeci Mali Müşavirler ve Yeminli Mali Müşavirler Odaları Birliği (TÜRMOB) _c2002 |
||
| 300 |
_a122 s. _bfotğ. _c24 sm. |
||
| 490 |
_aTÜRMOB yayınları _v180 |
||
| 650 |
_aBankacılık hukuku _xToplantılar _zTürkiye |
||
| 650 |
_aBankalar ve bankacılık _xDevlet denetimi _yToplantılar _zTürkiye |
||
| 650 |
_aBankalar ve bankacılık _xHukuk ve mevzuat _yToplantılar _zTürkiye |
||
| 710 | _aTürkiye Serbest Muhasebeci Mali Müşavirler ve Yeminli Mali Müşavirler Odaları Birliği (TÜRMOB) | ||
| 942 |
_2ddc _cBKS |
||
| 999 |
_c4072 _d4072 |
||